Normale Ansicht MARC-Ansicht ISBD

Race in another America (Titelsatznr. 68267)

[ MARC ]
MARC-Details
000 -Satzkennung
Kontrollfeld mit fester Länge 01598nad a2200445 a 4500
001 - Kontrollnummer
Kontrollfeld MIU01000000000000012934552
003 - Kontrollnummer Identifier
Kontrollfeld MiU
005 - Datum und Zeit der letzten Transaktion
Kontrollfeld 20231010141525.0
007 - Feld mit fester Länge zur physischen Beschreibung - Allgemeine Information
Kontrollfeld mit fester Länge cr mnummmmuuuu
008 - Feld mit fester Länge zur physischen Beschreibung - Allgemeine Angaben
Kontrollfeld mit fester Länge 060608t20062004njuab sb 001 0 eng d
024 7# - Anderer Standardidentifier
Standardnummer oder Code 2027/heb31538
Quelle der Nummer oder des Codes hdl
040 ## - Katalogisierungsquelle
Original-Katalogisierungsstelle NyNyACL
Übertragungsstelle NyNyACL
090 ## - LOCALLY ASSIGNED LC-TYPE CALL NUMBER (OCLC); LOCAL CALL NUMBER (RLIN)
Notation (OCLC) (R) ; Notation, CALL (RLIN) (NR) F2659.A1
Local cutter number (OCLC) ; Book number/undivided call number, CALL (RLIN) (INTERNET)
041 ## - Sprachcode
Sprachcode des Textes/der Tonspur oder des separaten Titels eng
100 1# - Haupteintragung - Personenname
Personenname Telles, Edward Eric,
Datumsangaben in Verbindung mit einem Namen 1956-
Koha-Normdatenidentnummer 51082
245 10 - Titel
Titel Race in another America
Medium [electronic resource] :
Zusatz zum Titel the significance of skin color in Brazil /
Verfasserangabe etc. Edward E. Telles.
246 30 - Titelvarianten
Hauptsachtitel/Kurztitel Significance of skin color in Brazil
250 ## - Ausgabebezeichnung
Ausgabebezeichnung 1st pbk. printing
264 ## - Produktion, Veröffentlichung, Distribution, Herstellung und Urheberrechtsvermerk
Herstellungs-, Veröffentlichungs- Vertriebs-, Erzeugungsort Princeton, N.J. :
Produzent, Herausgeber, Distributor, Hersteller Princeton University Press,
Datum der Herstellung, der Veröffentlichung, des Vertriebs oder des Urheberschutzvermerks 2006, c2004.
300 ## - Physische Beschreibung
Umfang ix, 324 p. :
Andere physische Details ill., maps ;
Maße 24 cm.
336 ## - Inhaltstyp
Quelle rdacontent
Inhaltstypcode txt
Inhaltstypterm Text
337 ## - Medientyp
Quelle rdamedia
Medientypcode bc
Bezeichnung des Medientyps Computermedien
338 ## - Datenträgertyp
Quelle rdacarrier
Datenträgertypcode cr
Datenträgertypbezeichnung Online Ressource
500 ## - Allgemeine Fußnote
Allgemeine Fußnote Originally published: 2004.
504 ## - Fußnote zu Literaturverzeichnissen usw.
Fußnote zu Bibliographien usw. Includes bibliographical references and index.
500 ## - Allgemeine Fußnote
Allgemeine Fußnote E-Book-ACLS / Zugriff nur im DHI-Lesesaal
500 ## - Allgemeine Fußnote
Allgemeine Fußnote American Council of Learned Societies/ https://www.humanitiesebook.org/about/
650 #0 - Nebeneintragung unter einem Schlagwort - Sachschlagwort
Geografische Unterteilung Brazil
Allgemeine Unterteilung History.
Koha-Normdatenidentnummer 51083
650 #0 - Nebeneintragung unter einem Schlagwort - Sachschlagwort
Geografische Unterteilung Brazil
Allgemeine Unterteilung History.
Koha-Normdatenidentnummer 51083
650 #0 - Nebeneintragung unter einem Schlagwort - Sachschlagwort
Allgemeine Unterteilung Race identity
Geografische Unterteilung Brazil.
Koha-Normdatenidentnummer 51084
650 #0 - Nebeneintragung unter einem Schlagwort - Sachschlagwort
Allgemeine Unterteilung Law and legislation
Geografische Unterteilung Brazil.
Koha-Normdatenidentnummer 51085
651 #0 - Nebeneintragung unter einem Schlagwort - Geografischer Name
Geografischer Name Brazil
Allgemeine Unterteilung Race relations.
Koha-Normdatenidentnummer 51086
653 ## - Indexierungsterm - Nicht normiert
Nicht-normierter Term Racism
653 ## - Indexierungsterm - Nicht normiert
Nicht-normierter Term Miscegenation
653 ## - Indexierungsterm - Nicht normiert
Nicht-normierter Term Blacks
653 ## - Indexierungsterm - Nicht normiert
Nicht-normierter Term Race discrimination
830 #0 - Nebeneintragung unter dem Gesamttitel - Einheitstitel
Einheitstitel ACLS Humanities E-Book.
Koha-Normdatenidentnummer 51087
856 40 - Elektronische Adresse und Zugriff
OPAC-Notiz Volltext
URL <a href="https://hdl.handle.net/2027/heb31538">https://hdl.handle.net/2027/heb31538</a>
942 ## - Zusätzliche Felder (Koha)
Koha-Medientyp E-Books
Exemplare
Ausgeschieden Verloren Beschädigt Nicht entleihbar Heimatbibliothek Aufenthaltsbibliothek Aufstellungsort Erwerbungsdatum Inventarnummer Signatur Barcode Letzte Aktivität Preis gültig von Koha-Medientyp
        MWN Osteuropa MWN Osteuropa Online-Ressource 10/10/2023 23-e0ACLS E-23-e0ACLS 71102 10/10/2023 10/10/2023 E-Books